Royal Commission on Local Government in England: written evidence (including supplemnetary evidence) of Local Governmentand Associated Bodies and of Local Authorities in Greater London (Record no. 488365)

000 -LEADER
fixed length control field 00538cam a22001217a 4500
008 - FIXED-LENGTH DATA ELEMENTS--GENERAL INFORMATION
fixed length control field 180718b1969 xxu||||| |||| 00| 0 eng d
082 ## - DEWEY DECIMAL CLASSIFICATION NUMBER
Classification number B706x42 Un3/WeS
100 ## - MAIN ENTRY--PERSONAL NAME
Personal name Royal Commission on Local Government in England
245 ## - TITLE STATEMENT
Title Royal Commission on Local Government in England: written evidence (including supplemnetary evidence) of Local Governmentand Associated Bodies and of Local Authorities in Greater London
260 ## - PUBLICATION, DISTRIBUTION, ETC.
Place of publication, distribution, etc. London
Name of publisher, distributor, etc. Her Majesty's Stationery Office
Date of publication, distribution, etc. 1969
300 ## - PHYSICAL DESCRIPTION
Extent 388+p.
700 ## - ADDED ENTRY--PERSONAL NAME
Personal name Redcliffe-Maud, Lord, Chairman
Holdings
Withdrawn status Lost status Damaged status Not for loan Permanent Location Current Location Date acquired Full call number Barcode Date last seen Price effective from Koha item type
        Indian Institute of Public Administration Indian Institute of Public Administration 2018-08-04 B706x42 Un3/WeS G9960 2018-08-04 2018-08-04 G

Powered by Koha